000
00339pab a2200157 454500
008
180718b2008 xxu||||| |||| 00| 0 eng d
100
_a
Patil, Prema B.
245
_a
Safe ageing
260
_c
2008
300
_a
p.35-36.
362
_a
Oct
650
_a
Ageing populations
773
_a
Social Welfare
908
_a
N
909
_a
80626
999
_c
80626
_d
80626